| 000 | 00377nam a2200157Ia 4500 | ||
|---|---|---|---|
| 008 | 190704s9999||||xx |||||||||||||| ||und|| | ||
| 020 | _a8183331017 | ||
| 082 |
_a760 _bJAI/C |
||
| 100 | _a Jain, Satish | ||
| 245 | 0 | _aCorel Draw 12 (Training Guide | |
| 250 | _a1st Edition | ||
| 260 |
_aNew Delhi _bBPB Pub. _c2006 |
||
| 300 | _a202p | ||
| 700 | _aJain, Shashank | ||
| 942 | _cBK | ||
| 999 |
_c6171 _d6171 |
||